| 000 | 00536nam a2200181Ia 4500 | ||
|---|---|---|---|
| 008 | 090122s9999 xx 000 0 und d | ||
| 082 |
_b255 _a920.71 |
||
| 100 |
_aकिर्लोस्कर _bशं _cवा |
||
| 245 | _aशंवाकीय | ||
| 260 |
_bकिर्लोस्कर प्रेस _c1974 |
||
| 300 | _a352 | ||
| 501 | _a-- | ||
| 600 | _aकिर्लोस्कर | ||
| 630 | _aशंवाकीय | ||
| 700 | _aकिर्लोस्कर | ||
| 730 | _aशंवाकीय | ||
| 942 | _cBOOK | ||
| 999 |
_c24333 _d24333 |
||